00703nam a2200193 i 450000100060000000300090000600500170001500700030003200800410003510000270007624501340010325000150023726000360025230000220028870000270031085200330033799900170037095201220038751524ES-MaACL20230906162359.0t|030813s1980 sp ||||1| cat d1 aDalmau, José.94251410aCatalunya i l'Esglesia en el banquet dels acusats b: (el T.O.P. a porta tancada) / cJosep Dalmau ; práoleg d'Agusti de Semir. a[2ª ed.]. a[Barcelona : bPortic, c[1980] a210 p. ; c18 cm.1 aSemir, Agusti.9105387 aES-MaACLjA-10883 bR.100251 c51524d51524 00104070aATENEOMbATENEOMcDEPO1d2008-01-17eSCl0oA-10883p1054186r2023-02-23 00:00:00w2023-02-23yMONOGRAFIA